000 00252nam a22001217a 4500
008 170710b xxu||||| |||| 00| 0 eng d
041 _aeng
080 _a94
100 _a16
101 _aSHH
245 _aWORLD MYTHOLOGY
_cGRIMAL,P
942 _2udc
_cBK
999 _c20136
_d20136